UM Logo

An overmodulation strategy based on voltage vector space division for high-speed surface-moutned pmsm drives / (Record no. 21563)

MARC details
000 -LEADER
fixed length control field 01211nam a22002777a 4500
003 - CONTROL NUMBER IDENTIFIER
control field OSt
005 - DATE AND TIME OF LATEST TRANSACTION
control field 20250410101802.0
008 - FIXED-LENGTH DATA ELEMENTS--GENERAL INFORMATION
fixed length control field 240912b ||||| |||| 00| 0 eng d
040 ## - CATALOGING SOURCE
Transcribing agency 0
082 ## - DEWEY DECIMAL CLASSIFICATION NUMBER
Classification number DPer 621.317 Ie21 December 2022 v.37 n. 12 part 1&2.
100 ## - MAIN ENTRY--PERSONAL NAME
Personal name Jing, Runze.
Relator term author.
9 (RLIN) 60855
245 ## - TITLE STATEMENT
Title An overmodulation strategy based on voltage vector space division for high-speed surface-moutned pmsm drives /
Statement of responsibility, etc. Runze Jing, Guoqiang Zhang, Gaolin Wang, Guangding Bi, Dawei Ding, and Dianguo Xu.
260 ## - PUBLICATION, DISTRIBUTION, ETC. (IMPRINT)
Place of publication, distribution, etc. New York ;
Name of publisher, distributor, etc. The Institute of Electrical and Electronics Engineers, Inc.,
Date of publication, distribution, etc. December 2022.
300 ## - PHYSICAL DESCRIPTION
Extent volume 37, pages 15370-15381,
Other physical details illustration.
500 ## - GENERAL NOTE
General note IEEE Transactions on Power Electronics, v. 37 n. 12, pages 15370-15381, December 2022.
650 #0 - SUBJECT ADDED ENTRY--TOPICAL TERM
Topical term or geographic name as entry element modulation index (MI).
9 (RLIN) 66267
650 #0 - SUBJECT ADDED ENTRY--TOPICAL TERM
Topical term or geographic name as entry element overmodulation.
9 (RLIN) 66269
650 #0 - SUBJECT ADDED ENTRY--TOPICAL TERM
Topical term or geographic name as entry element voltage vector space division.
9 (RLIN) 66270
700 ## - ADDED ENTRY--PERSONAL NAME
Personal name Jing, Runze.
Relator term author.
9 (RLIN) 60855
700 ## - ADDED ENTRY--PERSONAL NAME
Personal name Zhang, Guoqiang.
Relator term author.
9 (RLIN) 60856
700 ## - ADDED ENTRY--PERSONAL NAME
Personal name Wang, Gaolin.
Relator term author.
9 (RLIN) 60857
700 ## - ADDED ENTRY--PERSONAL NAME
Personal name Bi, Guangding.
Relator term author.
9 (RLIN) 60858
700 ## - ADDED ENTRY--PERSONAL NAME
Personal name Ding, Dawei.
Relator term author.
9 (RLIN) 60859
700 ## - ADDED ENTRY--PERSONAL NAME
Personal name Xu, Dianguo.
Relator term author.
9 (RLIN) 60860
942 ## - ADDED ENTRY ELEMENTS (KOHA)
Source of classification or shelving scheme Dewey Decimal Classification
Koha item type Periodicals
Holdings
Withdrawn status Lost status Source of classification or shelving scheme Damaged status Not for loan Collection code Home library Current library Date acquired Total Checkouts Full call number Date last seen Price effective from Koha item type Public note
    Dewey Decimal Classification     Periodicals UM Digos College - LIC UM Digos College - LIC 09/12/2024   DPer 621.317 Ie21 December 2022 v.37 n. 12 part 1&2. 09/12/2024 09/12/2024 Periodicals Periodical Article